Adityan, Radha and others / (Record no. 27431)

MARC details
000 -LEADER
fixed length control field 00939naa a2200253 4500
005 - DATE AND TIME OF LATEST TRANSACTION
control field 20090613153750.0
008 - FIXED-LENGTH DATA ELEMENTS--GENERAL INFORMATION
fixed length control field 080827t xxu||||| |||| 00| 0 eng d
010 ## - LCCN (DPL NO)
LC control number ENG-93979
020 ## - INTERNATIONAL STANDARD BOOK NUMBER
International Standard Book Number 8126018836
Terms of availability 110.00
035 ## - SYSTEM CONTROL NUMBER
System control number EN-77512
037 ## - SOURCE OF ACQUISITION
Source of stock number/acquisition DBAD / PUB
040 ## - CATALOGING SOURCE
Original cataloging agency dpl
Language of cataloging English
082 ## - DEWEY DECIMAL CLASSIFICATION NUMBER
Classification number N
100 ## - MAIN ENTRY--PERSONAL NAME
Personal name Mukundan, M.
245 ## - TITLE STATEMENT
Title Adityan, Radha and others /
Statement of responsibility, etc Original in Malayalam by M. Mukundan; translated by C. Gopinathan Pillai
246 ## - VARYING FORM OF TITLE
Title proper/short title Adityanum Radhayum Mattu Chilarum
260 ## - PUBLICATION, DISTRIBUTION, ETC. (IMPRINT)
Place of publication, distribution, etc New Delhi
Name of publisher, distributor, etc Sahitya Akademi
Date of publication, distribution, etc 2004
270 ## - ADDRESS
Address Rabindra Bhavan, 35, Ferozeshah Road,
City New Delhi
Postal code 110 001
300 ## - PHYSICAL DESCRIPTION
Extent 177p.
Dimensions 20cm(Hb)
650 ## - SUBJECT ADDED ENTRY--TOPICAL TERM
Topical term or geographic name as entry element Malayalam fiction
Form subdivision Translation into English
700 ## - ADDED ENTRY--PERSONAL NAME
Personal name Pillai, C. Gopinathan
942 ## - ADDED ENTRY ELEMENTS (KOHA)
Institution code [OBSOLETE] dpl
Item type English Books
Source of classification or shelving scheme Dewey Decimal Classification
Call number suffix ADI
Classification part N
Holdings
Withdrawn status Lost status Source of classification or shelving scheme Damaged status Not for loan Home library Current library Date acquired Source of acquisition Cost, normal purchase price Total Checkouts Full call number Barcode Date last seen Copy number Cost, replacement price Koha item type
    Dewey Decimal Classification   Not For Loan D.B.Act.Division D.B.Act.Division 13/06/2009 DBAD / PUB 110.00   N ADI EN-77512 13/06/2009 1 110.00 English Books

© Delhi Public Library
Hit Counter
free hit counter